[Event "Speed Chess GP1"]
[Site "chess.com INT"]
[Date "2021.09.18"]
[Round "8"]
[White "Bluebaum, Matthias"]
[Black "Hansen, Eric"]
[Result "1-0"]
[WhiteElo "2639"]
[BlackElo "2606"]
[PlyCount "125"]
[GameId "2130307583308103"]
[EventDate "2021.09.18"]
[EventType "swiss (blitz)"]
[EventRounds "10"]
[EventCountry "NET"]
[SourceTitle "The Week in Chess 1402"]
[Source "Mark Crowther"]
[SourceDate "2021.09.20"]
[SourceVersion "1"]
[SourceVersionDate "2021.09.20"]
[SourceQuality "2"]

1. d4 Nf6 2. Nf3 g6 3. Nc3 d5 4. Bf4 Bg7 5. e3 O-O 6. Nb5 Na6 7. h3 c6 8. Nc3 Nc7 9. Be2 Nce8 10. O-O Nd6 11. a4 a5 12. Nb1 Nfe4 13. Nbd2 Bf5 14. c4 Nxd2 15. Nxd2 Be6 16. c5 Ne8 17. Qb3 Bc8 18. Qc3 f6 19. b4 axb4 20. Qxb4 e5 21. Bh2 Nc7 22. Nf3 Qe7 23. a5 Re8 24. Qb6 Na6 25. Rfe1 Bf5 26. Nd2 exd4 27. exd4 Qd7 28. Bf1 Rxe1 29. Rxe1 Bh6 30. Nb1 Be6 31. Rxe6 Qxe6 32. Qxb7 Qc8 33. Bxa6 Qxb7 34. Bxb7 Rxa5 35. Bxc6 Ra1 36. Bxd5+ Kf8 37. Be4 Ra4 38. Bd6+ Kg7 39. Nc3 Rxd4 40. Bf3 Rc4 41. Nd5 Rc1+ 42. Kh2 Kf7 43. g3 Bf8 44. Bxf8 Kxf8 45. Nxf6 Kg7 46. Ne4 Rc4 47. Kg2 h5 48. h4 Kh6 49. Kf1 Kg7 50. Ke2 Rc2+ 51. Ke3 Rc1 52. Kd4 Kf7 53. Ke5 Ke7 54. Kd5 Rc2 55. c6 Kd8 56. Kd6 Rc4 57. Nc5 Rd4+ 58. Bd5 Kc8 59. c7 Rd2 60. Kc6 Rxd5 61. Kxd5 Kxc7 62. Ne6+ Kd7 63. Nf8+ 1-0

[Event "Speed Chess GP1"]
[Site "chess.com INT"]
[Date "2021.09.18"]
[Round "9"]
[White "Hansen, Eric"]
[Black "Tang, Andrew"]
[Result "1-0"]
[WhiteElo "2606"]
[BlackElo "2512"]
[PlyCount "95"]
[GameId "2130307583312224"]
[EventDate "2021.09.18"]
[EventType "swiss (blitz)"]
[EventRounds "10"]
[EventCountry "NET"]
[SourceTitle "The Week in Chess 1402"]
[Source "Mark Crowther"]
[SourceDate "2021.09.20"]
[SourceVersion "1"]
[SourceVersionDate "2021.09.20"]
[SourceQuality "2"]

1. Nf3 d5 2. g3 Bg4 3. Bg2 Nd7 4. O-O c6 5. d3 e6 6. c4 Bd6 7. Qb3 Ne7 8. Be3 O-O 9. Qxb7 dxc4 10. dxc4 Nc5 11. Qb4 Rb8 12. Qc3 Nf5 13. Bxc5 Bxc5 14. Nbd2 Bb4 15. Qc1 Bxd2 16. Nxd2 Nd4 17. Kh1 Bxe2 18. Re1 Bd3 19. Re3 Nc2 20. Rxd3 Qxd3 21. Be4 Qd4 22. Bxc2 Rxb2 23. Nf3 Qf6 24. Ne1 Rb4 25. Kg2 Rxc4 26. Rb1 Rd4 27. Nf3 Rd7 28. Be4 Rc7 29. Qc5 g6 30. h4 Rd8 31. h5 Kg7 32. Qe3 c5 33. h6+ Kg8 34. Rb7 Rxb7 35. Bxb7 c4 36. Qc5 Qb2 37. Qc7 Rf8 38. Be4 Qb5 39. a3 Qh5 40. Qf4 f5 41. Bc2 g5 42. Qe5 Qxh6 43. Qc5 g4 44. Nd4 Qd2 45. Qxc4 Kh8 46. Qc5 Re8 47. Qe5+ Kg8 48. Bxf5 1-0

[Event "Speed Chess GP1"]
[Site "chess.com INT"]
[Date "2021.09.18"]
[Round "10"]
[White "Muradli, Mahammad"]
[Black "Hansen, Eric"]
[Result "1/2-1/2"]
[WhiteElo "2487"]
[BlackElo "2606"]
[PlyCount "102"]
[GameId "2130307583312244"]
[EventDate "2021.09.18"]
[EventType "swiss (blitz)"]
[EventRounds "10"]
[EventCountry "NET"]
[SourceTitle "The Week in Chess 1402"]
[Source "Mark Crowther"]
[SourceDate "2021.09.20"]
[SourceVersion "1"]
[SourceVersionDate "2021.09.20"]
[SourceQuality "2"]

1. c4 e5 2. d3 Nf6 3. Nf3 Nc6 4. a3 d5 5. cxd5 Nxd5 6. e4 Nb6 7. Be3 f5 8. Nc3 f4 9. Bxb6 axb6 10. d4 Bg4 11. d5 Nd4 12. Be2 Bxf3 13. Bxf3 Bb4 14. Bg4 O-O 15. O-O Bxc3 16. bxc3 Nb5 17. Qd3 Nd6 18. a4 Ra5 19. Be6+ Kh8 20. f3 Qe7 21. Kh1 Rfa8 22. Rac1 Rxa4 23. c4 Ra3 24. Qb1 R8a5 25. Qb2 Qg5 26. Rg1 Ra2 27. Qb4 R2a4 28. Qb3 Ra3 29. Qb2 h5 30. c5 bxc5 31. Rxc5 Ra2 32. Qc1 Rxc5 33. Qxc5 Qe7 34. Qc3 Qf6 35. Qxc7 Nb5 36. Qc8+ Kh7 37. Qe8 Nd4 38. Qxh5+ Qh6 39. Qf7 Qg5 40. Qg8+ Kh6 41. Qh8+ Kg6 42. Qe8+ Kh6 43. h3 Ne2 44. Qh8+ Kg6 45. Bf5+ Kf7 46. Be6+ Ke7 47. Qg8 Ng3+ 48. Kh2 Nf1+ 49. Kh1 Ng3+ 50. Kh2 Nf1+ 51. Kh1 Ng3+ 1/2-1/2

[Event "Titled Tuesday 2021.09.07"]
[Site "chess.com INT"]
[Date "2021.09.07"]
[Round "1"]
[White "Malicka, Maria"]
[Black "Hansen, Eric"]
[Result "0-1"]
[WhiteElo "2311"]
[BlackElo "2606"]
[PlyCount "110"]
[GameId "2130307583704099"]
[EventDate "2021.09.07"]
[EventType "swiss (blitz)"]
[EventRounds "11"]
[EventCountry "NET"]
[SourceTitle "The Week in Chess 1401"]
[Source "Mark Crowther"]
[SourceDate "2021.09.13"]
[SourceVersion "1"]
[SourceVersionDate "2021.09.13"]
[SourceQuality "2"]

1. e4 c5 2. Nf3 e6 3. d4 cxd4 4. Nxd4 a6 5. Nc3 Qc7 6. Be3 Bb4 7. Qd3 Nf6 8. f3 d5 9. exd5 Nxd5 10. Bd2 Bxc3 11. bxc3 O-O 12. Be2 e5 13. Nb3 Rd8 14. Qc4 Nc6 15. O-O Be6 16. Qh4 Nce7 17. Bd3 Ng6 18. Qg3 Ndf4 19. Kh1 Nxd3 20. cxd3 Rxd3 21. Qf2 Bc4 22. Rfe1 f6 23. Rac1 b5 24. Be3 Qf7 25. Nc5 Rd5 26. a4 h6 27. Ra1 Rdd8 28. Ra3 f5 29. axb5 axb5 30. Rxa8 Rxa8 31. f4 Ra2 32. Qg3 Bd5 33. Rg1 exf4 34. Bxf4 Bxg2+ 35. Rxg2 Ra1+ 36. Rg1 Qd5+ 37. Qg2 Qxg2+ 38. Kxg2 Nxf4+ 39. Kh1 Rxg1+ 40. Kxg1 Ne2+ 41. Kf2 Nxc3 42. Ke3 Kf7 43. Kd3 Nd5 44. Nb3 Kf6 45. Nd4 Nc7 46. Ke3 g5 47. Nc6 Ne6 48. Kd3 g4 49. Ke3 h5 50. Na7 b4 51. Nc6 b3 52. Kd3 h4 53. Na5 b2 54. Kc2 g3 55. hxg3 h3 0-1

[Event "Titled Tuesday 2021.09.07"]
[Site "chess.com INT"]
[Date "2021.09.07"]
[Round "4"]
[White "Hansen, Eric"]
[Black "Potapova, Margarita"]
[Result "1-0"]
[WhiteElo "2606"]
[BlackElo "2257"]
[PlyCount "55"]
[GameId "2130307583712458"]
[EventDate "2021.09.07"]
[EventType "swiss (blitz)"]
[EventRounds "11"]
[EventCountry "NET"]
[SourceTitle "The Week in Chess 1401"]
[Source "Mark Crowther"]
[SourceDate "2021.09.13"]
[SourceVersion "1"]
[SourceVersionDate "2021.09.13"]
[SourceQuality "2"]

1. e4 c5 2. Nf3 d6 3. d4 cxd4 4. Nxd4 Nf6 5. Nc3 a6 6. Be2 e5 7. Nb3 Be7 8. g4 h6 9. h4 Be6 10. g5 hxg5 11. Bxg5 Nbd7 12. Qd3 b5 13. O-O-O Rc8 14. Kb1 Qc7 15. a3 Nb6 16. Bxf6 gxf6 17. f4 Nc4 18. f5 Nxa3+ 19. Ka2 Bc4 20. Qd2 b4 21. Nd5 Bxd5 22. Qxd5 Nxc2 23. Rc1 Qd7 24. Bc4 Rh7 25. Rxc2 Bf8 26. Kb1 Bh6 27. Bxa6 Rxc2 28. Bb5 1-0

[Event "Titled Tuesday 2021.09.07"]
[Site "chess.com INT"]
[Date "2021.09.07"]
[Round "5"]
[White "Le Tuan Minh"]
[Black "Hansen, Eric"]
[Result "1-0"]
[WhiteElo "2514"]
[BlackElo "2606"]
[PlyCount "51"]
[GameId "2130307583712514"]
[EventDate "2021.09.07"]
[EventType "swiss (blitz)"]
[EventRounds "11"]
[EventCountry "NET"]
[SourceTitle "The Week in Chess 1401"]
[Source "Mark Crowther"]
[SourceDate "2021.09.13"]
[SourceVersion "1"]
[SourceVersionDate "2021.09.13"]
[SourceQuality "2"]

1. d4 Nf6 2. Nf3 e6 3. Bf4 c5 4. c3 d5 5. e3 Bd6 6. Nbd2 Qc7 7. Bxd6 Qxd6 8. Ne5 O-O 9. Bd3 Nc6 10. f4 Ne7 11. O-O b6 12. Rf3 Bb7 13. Rh3 g6 14. Qe1 h5 15. Qh4 Kg7 16. Rg3 Rh8 17. f5 Nxf5 18. Bxf5 exf5 19. Rf1 Qe6 20. Qg5 Ne4 21. Nxe4 dxe4 22. Rxf5 h4 23. Rxf7+ Qxf7 24. Nxf7 hxg3 25. Nxh8 gxh2+ 26. Kh1 1-0

[Event "Titled Tuesday 2021.09.07"]
[Site "chess.com INT"]
[Date "2021.09.07"]
[Round "6"]
[White "Hansen, Eric"]
[Black "Ohanyan, Emin"]
[Result "1-0"]
[WhiteElo "2606"]
[BlackElo "2373"]
[PlyCount "45"]
[GameId "2130307583716667"]
[EventDate "2021.09.07"]
[EventType "swiss (blitz)"]
[EventRounds "11"]
[EventCountry "NET"]
[SourceTitle "The Week in Chess 1401"]
[Source "Mark Crowther"]
[SourceDate "2021.09.13"]
[SourceVersion "1"]
[SourceVersionDate "2021.09.13"]
[SourceQuality "2"]

1. e4 e5 2. Nf3 Nc6 3. Bb5 a6 4. Ba4 Nf6 5. O-O Bc5 6. c3 b5 7. Bc2 d5 8. d4 dxe4 9. Nbd2 exf3 10. Qxf3 Qd5 11. Ne4 Be6 12. Nxf6+ gxf6 13. Be4 O-O-O 14. dxc5 Qxc5 15. Be3 Qc4 16. Bxc6 Rhg8 17. b3 Qh4 18. g3 Qh3 19. Rad1 Rxd1 20. Rxd1 Bg4 21. Bb7+ Kb8 22. Qc6 Bxd1 23. Ba7+ 1-0

[Event "Titled Tuesday 2021.09.07"]
[Site "chess.com INT"]
[Date "2021.09.07"]
[Round "11"]
[White "Hansen, Eric"]
[Black "Kobalija, Mihail"]
[Result "1-0"]
[WhiteElo "2606"]
[BlackElo "2600"]
[PlyCount "51"]
[GameId "2130307583725050"]
[EventDate "2021.09.07"]
[EventType "swiss (blitz)"]
[EventRounds "11"]
[EventCountry "NET"]
[SourceTitle "The Week in Chess 1401"]
[Source "Mark Crowther"]
[SourceDate "2021.09.13"]
[SourceVersion "1"]
[SourceVersionDate "2021.09.13"]
[SourceQuality "2"]

1. e4 c6 2. Nf3 d5 3. d3 dxe4 4. dxe4 Qxd1+ 5. Kxd1 Nf6 6. Nfd2 g6 7. f3 Bg7 8. c3 O-O 9. Kc2 Nfd7 10. a4 b6 11. Nc4 Ba6 12. Be3 Ne5 13. Nbd2 Nxc4 14. Nxc4 Nd7 15. Rd1 Rfd8 16. b4 Ne5 17. Rxd8+ Rxd8 18. Nxe5 Bxf1 19. Nxc6 Rd3 20. Nxe7+ Kf8 21. Nd5 Bxg2 22. Rg1 Rxe3 23. Nxe3 Bxf3 24. Kd3 Be5 25. h3 h5 26. Rf1 1-0

[Event "Aimchess US Rapid Prelim"]
[Site "chess24.com INT"]
[Date "2021.08.28"]
[Round "1.3"]
[White "Artemiev, Vladislav"]
[Black "Hansen, Eric"]
[Result "1-0"]
[WhiteElo "2704"]
[BlackElo "2606"]
[PlyCount "91"]
[GameId "2130307584014127"]
[EventDate "2021.08.28"]
[EventType "tourn (rapid)"]
[EventRounds "15"]
[EventCountry "USA"]
[EventCategory "20"]
[SourceTitle "The Week in Chess 1399"]
[Source "Mark Crowther"]
[SourceDate "2021.08.30"]
[SourceVersion "1"]
[SourceVersionDate "2021.08.30"]
[SourceQuality "2"]

1. Nf3 d5 2. g3 g6 3. Bg2 Bg7 4. O-O e5 5. d3 Ne7 6. e4 O-O 7. a4 Nbc6 8. c3 a5 9. Na3 h6 10. Nb5 Be6 11. Re1 Qd7 12. d4 exd4 13. Nfxd4 Bg4 14. Bf3 Bxf3 15. Nxf3 Rad8 16. Bf4 dxe4 17. Qxd7 Rxd7 18. Rxe4 Nd5 19. Bd2 Rfd8 20. Rae1 f5 21. R4e2 Kf7 22. h4 Nb6 23. b3 Nd5 24. Kg2 b6 25. Kh3 Nf6 26. Bf4 Nd5 27. Be5 Nxe5 28. Nxe5+ Bxe5 29. Rxe5 Nf6 30. Nd4 Ne4 31. Nc6 Rf8 32. f3 Nf2+ 33. Kg2 Nd3 34. Re7+ Rxe7 35. Rxe7+ Kf6 36. Rxc7 Re8 37. Nd4 Re1 38. Rc6+ Kf7 39. h5 gxh5 40. Rxb6 Rc1 41. Rxh6 Rxc3 42. Rxh5 Kg6 43. Rxf5 Nc5 44. Rd5 Kf6 45. g4 Nd3 46. Kg3 1-0

[Event "Aimchess US Rapid Prelim"]
[Site "chess24.com INT"]
[Date "2021.08.28"]
[Round "2.6"]
[White "Hansen, Eric"]
[Black "Giri, A."]
[Result "1/2-1/2"]
[WhiteElo "2606"]
[BlackElo "2776"]
[PlyCount "68"]
[GameId "2130307584014137"]
[EventDate "2021.08.28"]
[EventType "tourn (rapid)"]
[EventRounds "15"]
[EventCountry "USA"]
[EventCategory "20"]
[SourceTitle "The Week in Chess 1399"]
[Source "Mark Crowther"]
[SourceDate "2021.08.30"]
[SourceVersion "1"]
[SourceVersionDate "2021.08.30"]
[SourceQuality "2"]

1. e4 e5 2. Nf3 Nc6 3. Bb5 a6 4. Ba4 Nf6 5. O-O Be7 6. Re1 b5 7. Bb3 O-O 8. h3 Bb7 9. d3 d5 10. exd5 Nxd5 11. Nbd2 Nd4 12. Nxd4 exd4 13. a4 Bb4 14. axb5 axb5 15. Rxa8 Bxa8 16. Qg4 Nf6 17. Qf5 c5 18. Re5 g6 19. Qg5 Nd7 20. Qxd8 Rxd8 21. Re2 Nb6 22. Ne4 Bxe4 23. Rxe4 c4 24. Bg5 Ra8 25. dxc4 bxc4 26. Bxc4 Nxc4 27. Rxd4 Ra1+ 28. Kh2 Bd6+ 29. f4 Ne3 30. Rxd6 Nf1+ 31. Kg1 Ng3+ 32. Kh2 Nf1+ 33. Kg1 Ng3+ 34. Kh2 Nf1+ 1/2-1/2

[Event "Aimchess US Rapid Prelim"]
[Site "chess24.com INT"]
[Date "2021.08.28"]
[Round "3.4"]
[White "Liang, Awonder"]
[Black "Hansen, Eric"]
[Result "0-1"]
[WhiteElo "2587"]
[BlackElo "2606"]
[PlyCount "90"]
[GameId "2130307584014142"]
[EventDate "2021.08.28"]
[EventType "tourn (rapid)"]
[EventRounds "15"]
[EventCountry "USA"]
[EventCategory "20"]
[SourceTitle "The Week in Chess 1399"]
[Source "Mark Crowther"]
[SourceDate "2021.08.30"]
[SourceVersion "1"]
[SourceVersionDate "2021.08.30"]
[SourceQuality "2"]

1. d4 Nf6 2. c4 e6 3. Nc3 Bb4 4. Qc2 O-O 5. e4 d6 6. e5 Nfd7 7. exd6 cxd6 8. Nf3 Nf6 9. Bd3 d5 10. cxd5 exd5 11. O-O h6 12. Ne5 Be6 13. Qb3 Qb6 14. Na4 Qa5 15. a3 Bd6 16. Bf4 Nh5 17. Be3 Bxe5 18. Nc5 Bd6 19. Qxb7 Qc7 20. Qxa8 Bxc5 21. Rfc1 Nd7 22. Qxf8+ Kxf8 23. b4 Nf4 24. Bf1 Bf5 25. bxc5 g5 26. Ra2 Qa5 27. h4 Qa4 28. g3 Ne6 29. Bg2 Qb3 30. Rd2 Nb8 31. c6 Na6 32. Bf3 Nac7 33. g4 Bg6 34. Kg2 Kg7 35. Rdd1 a5 36. Ra1 Be4 37. Bxe4 dxe4 38. Rab1 Qd5 39. Rdc1 gxh4 40. Kh3 Qd6 41. Rb7 Ng5+ 42. Kg2 h3+ 43. Kf1 Nf3 44. Ra7 Qxa3 45. Rd1 Qa4 0-1

[Event "Aimchess US Rapid Prelim"]
[Site "chess24.com INT"]
[Date "2021.08.28"]
[Round "4.5"]
[White "Hansen, Eric"]
[Black "Aronian, Levon"]
[Result "0-1"]
[WhiteElo "2606"]
[BlackElo "2782"]
[PlyCount "56"]
[GameId "2130307584014150"]
[EventDate "2021.08.28"]
[EventType "tourn (rapid)"]
[EventRounds "15"]
[EventCountry "USA"]
[EventCategory "20"]
[SourceTitle "The Week in Chess 1399"]
[Source "Mark Crowther"]
[SourceDate "2021.08.30"]
[SourceVersion "1"]
[SourceVersionDate "2021.08.30"]
[SourceQuality "2"]

1. e4 e5 2. Nf3 Nc6 3. Bc4 Bc5 4. c3 Nf6 5. d3 O-O 6. O-O d5 7. exd5 Nxd5 8. Re1 Bg4 9. h3 Bh5 10. Nbd2 Nb6 11. Bb5 Bd6 12. Ne4 f5 13. Ng3 Bxf3 14. Qxf3 Qd7 15. d4 Nxd4 16. cxd4 Qxb5 17. dxe5 Bxe5 18. a4 Qc5 19. a5 Nc4 20. Qb3 Rae8 21. Be3 Qd5 22. Bxa7 Bxb2 23. Red1 Qf7 24. Ra4 f4 25. Nf1 Re4 26. f3 Ne3 27. Qxf7+ Kxf7 28. Nxe3 Rxa4 0-1

[Event "Aimchess US Rapid Prelim"]
[Site "chess24.com INT"]
[Date "2021.08.28"]
[Round "5.5"]
[White "Van Foreest, Jorden"]
[Black "Hansen, Eric"]
[Result "1-0"]
[WhiteElo "2698"]
[BlackElo "2606"]
[PlyCount "143"]
[GameId "2130307584014157"]
[EventDate "2021.08.28"]
[EventType "tourn (rapid)"]
[EventRounds "15"]
[EventCountry "USA"]
[EventCategory "20"]
[SourceTitle "The Week in Chess 1399"]
[Source "Mark Crowther"]
[SourceDate "2021.08.30"]
[SourceVersion "1"]
[SourceVersionDate "2021.08.30"]
[SourceQuality "2"]

1. e4 e5 2. Nf3 Nc6 3. Bc4 Bc5 4. c3 Nf6 5. d4 exd4 6. e5 d5 7. Bb5 Ne4 8. cxd4 Bb6 9. Nc3 O-O 10. Be3 Ba5 11. Rc1 f5 12. exf6 Qxf6 13. O-O Bxc3 14. bxc3 Bg4 15. Be2 Nd6 16. h3 Bh5 17. Qb3 Bf7 18. Bg5 Qf5 19. Bh4 Rfe8 20. Rfe1 Na5 21. Qb4 Nc6 22. Qb2 b6 23. Ng5 h6 24. Bg4 Qg6 25. Nxf7 Qxf7 26. Bf3 Na5 27. Bg3 Nac4 28. Qc2 c6 29. Qa4 Nb5 30. Qb4 a5 31. Qb3 Nd2 32. Rxe8+ Rxe8 33. Qd1 Nxf3+ 34. gxf3 Na3 35. Kg2 Qg6 36. h4 Nc4 37. Rc2 Re3 38. Re2 Rxc3 39. Qe1 Ra3 40. Re8+ Kh7 41. Qe2 Rxa2 42. h5 Qxh5 43. Qd3+ g6 44. Qd1 Nd2 45. Qe2 Qxf3+ 46. Qxf3 Nxf3 47. Re7+ Kg8 48. Kxf3 c5 49. Re6 Ra3+ 50. Kf4 cxd4 51. Rxg6+ Kh7 52. Rxb6 d3 53. Rd6 Ra4+ 54. Ke3 Rd4 55. Kd2 h5 56. Be5 Re4 57. f4 a4 58. Kxd3 a3 59. Ra6 h4 60. Rxa3 Kg6 61. Ra8 Kf5 62. Rg8 Ra4 63. Rg5+ Ke6 64. Bd4 Ra3+ 65. Bc3 Ra4 66. f5+ Kd6 67. Rg6+ Kc5 68. f6 Rf4 69. Ke3 Rf1 70. Rg4 h3 71. Rh4 h2 72. Rxh2 1-0

[Event "Aimchess US Rapid Prelim"]
[Site "chess24.com INT"]
[Date "2021.08.29"]
[Round "6.4"]
[White "Hansen, Eric"]
[Black "Carlsen, Magnus"]
[Result "0-1"]
[WhiteElo "2606"]
[BlackElo "2847"]
[PlyCount "70"]
[GameId "2130307584014163"]
[EventDate "2021.08.28"]
[EventType "tourn (rapid)"]
[EventRounds "15"]
[EventCountry "USA"]
[EventCategory "20"]
[SourceTitle "The Week in Chess 1399"]
[Source "Mark Crowther"]
[SourceDate "2021.08.30"]
[SourceVersion "1"]
[SourceVersionDate "2021.08.30"]
[SourceQuality "2"]

1. e4 e5 2. Nf3 Nc6 3. Bc4 Bc5 4. c3 Bb6 5. d4 Qe7 6. O-O Nf6 7. Re1 d6 8. h3 h6 9. a4 a6 10. Be3 g5 11. dxe5 dxe5 12. Bxb6 cxb6 13. Nbd2 g4 14. hxg4 Bxg4 15. Qb3 Qc7 16. Bd5 O-O-O 17. c4 Rhg8 18. Qc3 Nd4 19. a5 b5 20. Nxd4 exd4 21. Qb3 Nxd5 22. exd5 bxc4 23. Nxc4 Kb8 24. Rac1 Rge8 25. Nb6 Rxe1+ 26. Rxe1 Bf5 27. Qb4 d3 28. Qd4 Qd6 29. Rc1 h5 30. b4 Re8 31. Qc4 d2 32. Rf1 Bg4 33. Qd4 d1=Q 34. Rxd1 Bxd1 35. Qxd1 Qxb4 0-1

[Event "Aimchess US Rapid Prelim"]
[Site "chess24.com INT"]
[Date "2021.08.29"]
[Round "7.6"]
[White "So, W."]
[Black "Hansen, Eric"]
[Result "1-0"]
[WhiteElo "2772"]
[BlackElo "2606"]
[PlyCount "97"]
[GameId "2130307584018269"]
[EventDate "2021.08.28"]
[EventType "tourn (rapid)"]
[EventRounds "15"]
[EventCountry "USA"]
[EventCategory "20"]
[SourceTitle "The Week in Chess 1399"]
[Source "Mark Crowther"]
[SourceDate "2021.08.30"]
[SourceVersion "1"]
[SourceVersionDate "2021.08.30"]
[SourceQuality "2"]

1. e4 e5 2. Nf3 Nc6 3. Bc4 Bc5 4. O-O Nf6 5. d3 d6 6. c3 a6 7. Re1 O-O 8. h3 h6 9. Bb3 Re8 10. Nbd2 Ba7 11. Nf1 Be6 12. Bc2 d5 13. exd5 Qxd5 14. Ng3 Rad8 15. Qe2 Bc8 16. Nh4 Ne7 17. Bd2 g5 18. Nf3 Ng6 19. Qf1 Nf4 20. Bxf4 gxf4 21. Ne4 Nxe4 22. dxe4 Qc5 23. Bb3 Kg7 24. Rad1 c6 25. Qe2 a5 26. Nh4 b5 27. a3 Qe7 28. Qh5 a4 29. Ba2 Qf6 30. Rf1 Rf8 31. Nf3 Bb8 32. c4 Rxd1 33. Rxd1 Be6 34. Ra1 Rd8 35. cxb5 Bxa2 36. Rxa2 Rd1+ 37. Kh2 cxb5 38. Nh4 Rd2 39. Ra1 Ba7 40. Rc1 Bxf2 41. Nf5+ Kh7 42. Rc7 Bg3+ 43. Kh1 Rxb2 44. Rxf7+ Kh8 45. Rd7 Rb1+ 46. Rd1 Rxd1+ 47. Qxd1 b4 48. axb4 a3 49. Qa1 1-0

[Event "Aimchess US Rapid Prelim"]
[Site "chess24.com INT"]
[Date "2021.08.29"]
[Round "8.3"]
[White "Hansen, Eric"]
[Black "Vidit, S."]
[Result "1/2-1/2"]
[WhiteElo "2606"]
[BlackElo "2726"]
[PlyCount "195"]
[GameId "2130307584018273"]
[EventDate "2021.08.28"]
[EventType "tourn (rapid)"]
[EventRounds "15"]
[EventCountry "USA"]
[EventCategory "20"]
[SourceTitle "The Week in Chess 1399"]
[Source "Mark Crowther"]
[SourceDate "2021.08.30"]
[SourceVersion "1"]
[SourceVersionDate "2021.08.30"]
[SourceQuality "2"]

1. e4 c5 2. Nf3 e6 3. d4 cxd4 4. Nxd4 Nf6 5. Nc3 Nc6 6. Ndb5 d6 7. Bf4 e5 8. Bg5 a6 9. Na3 b5 10. Nd5 Be7 11. Bxf6 Bxf6 12. c3 Bg5 13. g3 Ne7 14. h4 Bh6 15. Nxe7 Qxe7 16. Bg2 O-O 17. Nc2 a5 18. O-O Be6 19. Re1 Rac8 20. Ne3 g6 21. Qd3 b4 22. cxb4 axb4 23. a4 bxa3 24. bxa3 Rc5 25. Red1 Ra8 26. a4 Rca5 27. Nf5 gxf5 28. exf5 d5 29. fxe6 fxe6 30. Qc2 e4 31. Rab1 Rxa4 32. Rb6 Ra2 33. Qc6 Rf8 34. Rf1 Bg7 35. Bh3 Kh8 36. Rb7 Qf6 37. Qxe6 Rxf2 38. Qxf6 R2xf6 39. Rxf6 Bxf6 40. Rd7 Be5 41. Rxd5 Bxg3 42. Rf5 Re8 43. Kf1 Bxh4 44. Rh5 Bf6 45. Bf5 Re7 46. Ke2 Kg8 47. Ke3 h6 48. Bxe4 Bg5+ 49. Kd3 Kg7 50. Rh1 Rd7+ 51. Kc4 Kf6 52. Rf1+ Ke5 53. Bg6 Rd4+ 54. Kc5 Rd8 55. Rf5+ Ke6 56. Rf3 Be7+ 57. Kc4 Bf6 58. Kc5 Rc8+ 59. Kb5 Rc1 60. Re3+ Be5 61. Rh3 Bf4 62. Kb4 Kf6 63. Bh5 Kg5 64. Kb3 Rc5 65. Bf3 Kf6 66. Kb4 Rc7 67. Kb3 Bg5 68. Be2 Ke5 69. Rc3 Rd7 70. Rd3 Rf7 71. Rf3 Rg7 72. Rh3 Kd4 73. Rd3+ Ke4 74. Rh3 Rd7 75. Kc4 Rd2 76. Bh5 Rc2+ 77. Kb3 Rc1 78. Kb2 Rc7 79. Kb3 Kf5 80. Rc3 Rb7+ 81. Kc2 Bf6 82. Rh3 Rb2+ 83. Kc1 Rg2 84. Kd1 Kg5 85. Ke1 Bd4 86. Bf3 Rb2 87. Be2 Rb6 88. Rh5+ Kg6 89. Rh3 Rb1+ 90. Kd2 Rb2+ 91. Ke1 Be5 92. Kd1 Rb4 93. Ke1 Bf6 94. Bd3+ Kg7 95. Rh5 Rb2 96. Kd1 Bg5 97. Bc2 Kf6 98. Rh3 1/2-1/2

[Event "Aimchess US Rapid Prelim"]
[Site "chess24.com INT"]
[Date "2021.08.29"]
[Round "9.7"]
[White "Le, Quang Liem"]
[Black "Hansen, Eric"]
[Result "1-0"]
[WhiteElo "2709"]
[BlackElo "2606"]
[PlyCount "55"]
[GameId "2130307584018282"]
[EventDate "2021.08.28"]
[EventType "tourn (rapid)"]
[EventRounds "15"]
[EventCountry "USA"]
[EventCategory "20"]
[SourceTitle "The Week in Chess 1399"]
[Source "Mark Crowther"]
[SourceDate "2021.08.30"]
[SourceVersion "1"]
[SourceVersionDate "2021.08.30"]
[SourceQuality "2"]

1. Nf3 d5 2. d4 Nf6 3. c4 dxc4 4. e3 e6 5. Bxc4 c5 6. O-O a6 7. Be2 cxd4 8. exd4 Be7 9. Ne5 O-O 10. Bf3 Nfd7 11. Nc3 Nxe5 12. dxe5 Nc6 13. Bxc6 bxc6 14. Qg4 Qc7 15. Re1 Kh8 16. Bg5 f6 17. Bf4 f5 18. Qh5 Bd7 19. Bg5 Bb4 20. Qh4 c5 21. Rad1 Qb7 22. Re3 Be8 23. Ne2 Bg6 24. Nf4 Qf7 25. Red3 Ra7 26. Rd8 c4 27. Nxg6+ Qxg6 28. Be7 1-0

[Event "Aimchess US Rapid Prelim"]
[Site "chess24.com INT"]
[Date "2021.08.29"]
[Round "10.2"]
[White "Hansen, Eric"]
[Black "Firouzja, Alireza"]
[Result "0-1"]
[WhiteElo "2606"]
[BlackElo "2759"]
[PlyCount "94"]
[GameId "2130307584018285"]
[EventDate "2021.08.28"]
[EventType "tourn (rapid)"]
[EventRounds "15"]
[EventCountry "USA"]
[EventCategory "20"]
[SourceTitle "The Week in Chess 1399"]
[Source "Mark Crowther"]
[SourceDate "2021.08.30"]
[SourceVersion "1"]
[SourceVersionDate "2021.08.30"]
[SourceQuality "2"]

1. e4 e5 2. Nf3 Nc6 3. Bc4 Nf6 4. d3 Bc5 5. c3 d6 6. h3 a6 7. a4 Ba7 8. O-O Qe7 9. b4 h6 10. Be3 Bxe3 11. fxe3 Be6 12. Nbd2 O-O 13. Qb3 Bxc4 14. Qxc4 g6 15. Rf2 Kg7 16. Raf1 Nh7 17. d4 Rae8 18. b5 axb5 19. axb5 Na5 20. Qb4 b6 21. c4 Ng5 22. Nxg5 hxg5 23. Qc3 f6 24. Ra1 Qe6 25. c5 dxc5 26. dxc5 Rd8 27. Raf1 Nb7 28. cxb6 cxb6 29. Qc4 Qd7 30. Qb4 Nd6 31. Nc4 Qxb5 32. Qxb5 Nxb5 33. Rb2 Nc3 34. Rxb6 Nxe4 35. Rb7+ Kh6 36. Rb6 g4 37. hxg4 Kg5 38. Rb4 Nc5 39. Rb5 Na4 40. Rc1 Rd3 41. Kf1 Rc8 42. Rb4 Nc3 43. Rc2 Nd5 44. Ra4 Rxe3 45. Rd2 Re4 46. Rxd5 Rcxc4 47. Rxc4 Rxc4 0-1